Statistics for A Series of Unfortunate Events - Count Olaf's Associates

Click here to take the quiz!

General Stats

  • This quiz has been taken 32 times
  • The average score is 8 of 14

Answer Stats

Hint Answer % Correct
No handsHook-Handed Man
96%
Lack of hairBald Man
83%
Fashion fanEsmé Squalor
83%
OptometristDr. Georgina Orwell
71%
Fortune tellerMadame Lulu
71%
BratCarmelita Spats
71%
AndrogynousPerson of Indeterminate Gender
54%
AmbidextrousKevin
54%
Pale facesWhite-Faced Women
42%
HunchbackHugo
42%
ContortionistColette
33%
Eagle-commanding MaleMan with beard but no hair
29%
Eagle-commanding FemaleWoman with hair but no beard
29%
MycologistFiona Widdershins
29%

Score Distribution

Percentile by Number Answered

Percent of People with Each Score

Your Score History

You have not taken this quiz